• 首页
  • 本馆介绍
  • 公告通知
  • 最新文献
  • 馆藏检索
  • 电子资源
  • 读者导购
  • 参考咨询
  • 我的图书馆
  • 登录
  • 详细信息显示
  • 放入我的书架
  • 预约/预借图书
  • 作者相关作品
  • 分类相关作品
  • 丛书相关作品
  • 出版社相关作品

书目信息

  • 表格格式
  • 工作单格式
  • 卡片格式
题名:
蒲岐镇志
    
 
作者: ;乐清县蒲岐镇志编委会
分册:  
出版信息: 温州    1993
页数: 572页
开本: 20cm
丛书名: 浙江省乐清县方志丛书
单 册:
中图分类: K295.5
科图分类:
主题词: 中国--地方史 , 中国--地方志
电子资源:
ISBN:
000 00663nam0 2200217 450
001 0639814140
005 20061117111046.07
010    @b精装@dCNY16.00(估价)
100    @a20061117d1993 km y0chiy0120 ea
101 0  @achi
200 1  @a蒲岐镇志@Apu qi zhen zhi@f乐清县蒲岐镇志编委会@Fyue qing xian pu qi zhen zhi bian wei hui
210    @a温州@d1993
215    @a572页@d20cm
225 2  @a浙江省乐清县方志丛书
410  0 @12001 @a浙江省乐清县方志丛书
606 0  @a中国@x地方史
606 0  @a中国@x地方志
690    @aK295.5@v3
711  0 @a乐清县蒲岐镇志编委会@Ayue qing xian pu qi zhen zhi bian wei hui
801  0 @aCN@bPFT@c20061117
905    @a10447@dK295.5@e94
    
    蒲岐镇志/乐清县蒲岐镇志编委会.-温州,1993
    572页;20cm.-(浙江省乐清县方志丛书)
    
    
    ISBN (精装):CNY16.00(估价)
    
●
相关链接 在E读中查询图书 在五车中查询图书 在当当中查询图书 在豆瓣中查询图书


正题名:蒲岐镇志     索取号:K295.5/94         预约/预借

序号 登录号 条形码 馆藏地/架位号 状态 备注
1 0262772   000806774   第二样本阅览室/ [索取号:K295.5/94] 在馆    
欢迎您!
大连网信软件有限公司© 版权所有